000 00216 a2200097 4500
020 _a9781338566024
041 _aspa
100 _aBlabey, Aaron
245 _alos Tipos Malos El Ataque de los Zombigatitos
942 _cBK
999 _c28023
_d28023